A guide to the project management body of knowledge: PMBOK guide
Guardat en:
| Autor corporatiu: | |
|---|---|
| Format: | Llibre |
| Idioma: | anglès |
| Publicat: |
Delaware Water Gap
Project Management Institute
2009
|
| Edició: | 4a. ed |
| Matèries: | |
| Etiquetes: |
Afegir etiqueta
Sense etiquetes, Sigues el primer a etiquetar aquest registre!
|
MARC
| LEADER | 00000nam a2200000 a 4500 | ||
|---|---|---|---|
| 001 | UCH9473 | ||
| 003 | CL-VaPUC | ||
| 008 | 100107e20090000us |||||||||||||||||eng|d | ||
| 020 | |a 9781933890517 | ||
| 082 | 0 | 4 | |a 658.404 |b PRO |2 21 |
| 110 | 2 | |a Project Management Institute |e author |9 546606 | |
| 245 | 1 | 2 | |a A guide to the project management body of knowledge: PMBOK guide |
| 250 | |a 4a. ed | ||
| 300 | |a 467 p | ||
| 942 | |c BK | ||
| 945 | |d 20100107 00:00:00 |a dcastane | ||
| 260 | |a Delaware Water Gap |b Project Management Institute |c 2009 | ||
| 650 | 0 | |a Gestión de proyectos |9 260970 | |
| 650 | 0 | |a Planificación estratégica |9 259735 | |
| 650 | 0 | |a Toma de decisiones |9 257530 | |
| 583 | |a last modification |c 20171205 05:51:16 |k Rodrigo Vera | ||
| 999 | |c 339441 |d 339439 | ||
| 952 | |0 0 |1 0 |4 0 |6 658_404000000000000_PRO_2009 |7 0 |8 A |9 433096 |a BIBING |b BIBING |d 2019-11-22 |i 4633067 |o 658.404 PRO 2009 |p 4633067 |r 2025-01-20 |w 2019-11-22 |y BK |k EII | ||
| 952 | |0 0 |1 0 |4 0 |6 658_404000000000000_PRO_2009 |7 0 |8 A |9 433097 |a BIBING |b BIBING |d 2019-11-22 |i 4633075 |o 658.404 PRO 2009 |p 4633075 |r 2025-01-20 |w 2019-11-22 |y BK |k EII | ||
| 952 | |0 0 |1 0 |4 0 |6 658_404000000000000_PRO_2009 |7 0 |8 A |9 433098 |a BIBING |b BIBING |d 2019-11-22 |i 4633083 |o 658.404 PRO 2009 |p 4633083 |r 2025-01-20 |w 2019-11-22 |y BK |k EII | ||